Medical Shows by Picture Quiz Stats

 Plays Quiz Updated Jan 23, 2018

Also try: TV Medical Series
Challenge
Share
Tweet
Score 0/30 Timer 07:00
2 Plays Today
% Correct
Scrubs
94.7%
Grey's Anatomy
94.3%
House M.D.
92.6%
ER
91.9%
Doogie Howser, M.D.
82.7%
M*A*S*H
77.3%
Nurse Jackie
71.6%
St. Elsewhere
49.7%
Becker
43.9%
Quincy, M.E.
43.4%
The Mindy Project
43.4%
Dr. Ken
41.4%
Diagnosis: Murder
41%
Nip/Tuck
40.3%
Private Practice
39%
% Correct
Code Black
37.7%
Emergency!
34.9%
Marcus Welby, M.D.
29%
Royal Pains
28.8%
Childrens Hospital
27.3%
The Knick
26.7%
Trapper John, M.D.
25.7%
Chicago Med
22.9%
General Hospital
21.2%
Saving Hope
14.9%
The Night Shift
13.8%
The Good Doctor
13.5%
Hawthorne
11.6%
Getting On
8%
Heartbeat
5.9%

You're not logged in!

Compare scores with friends on all Sporcle quizzes.
OR
Log In

You Might Also Like...

Show Comments

Extras

Top Quizzes Today


Score Distribution

Your Account Isn't Verified!

In order to create a playlist on Sporcle, you need to verify the email address you used during registration. Go to your Sporcle Settings to finish the process.

Report this User

Report this user for behavior that violates our Community Guidelines.

Details: